000 00271pam a2200121 a 4500
020 _c
041 _aeng
100 _aCrowthwr.J.G.
245 _aAn Ouline Of The universe
_hTextual Documents
260 _aNew York
_bPenguin Books Ltd
300 _a182p.
930 _a15305
999 _c92205
_d92205